Mimoriadna účtovná závierka

Mimoriadna účtovná závierka sa zostavuje za mimoriadnych udalostí (zánik spoločnosti, zrušenie spoločnosti bez likvidácie, s likvidáciou). Dobrovoľné zrušenie obchodnej spoločnosti a družstva s likvidáciou. Nedobrovoľné zrušenie obchodnej spoločnosti a družstva. Konkurz. Reštrukturalizácia. Oddlženi...

Descrizione completa

Salvato in:
Dettagli Bibliografici
Autore principale: Szászová, Renáta
Altri autori: Szász, Marek
Natura: Capitolo di libro
Lingua:slovacco
Soggetti:
Tags: Aggiungi Tag
Nessun Tag, puoi essere il primo ad aggiungerne!!

MARC

LEADER 00000naa$a2200000$$$4500
001 0042632
005 20240502071516.8
041 0 |a slo 
044 |a SK 
245 1 0 |a Mimoriadna účtovná závierka  |c Renáta Szászová, Marek Szász 
520 |a Mimoriadna účtovná závierka sa zostavuje za mimoriadnych udalostí (zánik spoločnosti, zrušenie spoločnosti bez likvidácie, s likvidáciou). Dobrovoľné zrušenie obchodnej spoločnosti a družstva s likvidáciou. Nedobrovoľné zrušenie obchodnej spoločnosti a družstva. Konkurz. Reštrukturalizácia. Oddlženie. 
610 2 0 |a závierka účtovná 
610 2 0 |a spoločnosti obchodné 
610 2 0 |a družstvá 
610 2 0 |a konkurzy 
610 2 0 |a reštrukturalizácia finančná 
610 2 0 |a oddlženie 
100 1 |a Szászová, Renáta 
700 1 |a Szász, Marek